000 00651 a2200265 4500
001 111486
020 _a0805098348
020 _a9781407139067
020 _a9781407170619
041 _aeng
082 _a[E]
250 _a. ed.
300 _a{32} p.
697 _aLion - Fiction.
697 _aLions - Fiction.
697 _aPicture books for children.
697 _aLion
856 _u00001d/00001ddc.jpg
040 _aBR-BrIDEA
_cBR-BrIDEA
090 _aSK [E]
_bSTE
100 _aStephens, Helen
_d1972
245 1 0 _aHow to hide a lion from grandma
_c Helen Stephens
260 _aLondon
_bAlison Green Books
_c2014
942 _cBK
999 _c111486
_d111486